| 000 | 00521nam a22002057a 4500 | ||
|---|---|---|---|
| 999 |
_c7613 _d7613 |
||
| 003 | OSt | ||
| 005 | 20220118154532.0 | ||
| 008 | 220118b ||||| |||| 00| 0 eng d | ||
| 020 | _a9781292025445 | ||
| 040 | _cDDC | ||
| 082 | _a025.524 QUI 2014 | ||
| 100 |
_aQuinn, Mike _915562 |
||
| 245 | _aEthics for the Information Age. | ||
| 250 | _a5th ed. | ||
| 260 |
_aEngland: _bPearson; _c2014 |
||
| 300 |
_aii,439p.: _bill; _c28cm |
||
| 504 | _aIncludes Index. | ||
| 650 |
_aInformation Science _915563 |
||
| 942 |
_2ddc _cBOOK |
||